00424nam a2200121Ia 4500003000400000005001700004008004100021040001800062041000800080100004000088245014100128260003300269OSt20260130150802.0211028s2018 xx 000 0 und d cAIMIT LIBRARY aeng aLouis, Treesa; Harinakshi.g1616207 aStudy on the employee labor welfare measures and its impact on the retention of employees at Vibrant services S P C Kingdom of Bahrain / aMangalorebHarinakshi.c2018